Normal view MARC view

Entry Topical Term

Number of records used in: 18

001 - CONTROL NUMBER

  • control field: 20294

003 - CONTROL NUMBER IDENTIFIER

  • control field: dpl

005 - DATE AND TIME OF LATEST TRANSACTION

  • control field: 20100916114130.0

008 - FIXED-LENGTH DATA ELEMENTS

  • fixed length control field: 100916|||a|||||| | ||| d

040 ## - CATALOGING SOURCE

  • Original cataloging agency: dpl
  • Transcribing agency: dpl

150 ## - HEADING--TOPICAL TERM

  • Topical term or geographic name as entry element: Bhajan

670 ## - SOURCE DATA FOUND

  • Source citation: Work cat.: (dpl): Mukesh 1184, Jin ke hriday Shri Ram base - Bhajan /, 1976

670 ## - SOURCE DATA FOUND

  • Source citation: Work cat.: (dpl): Mukesh 1184, Jin ke hriday Shri Ram base - Bhajan /, 1976

© Delhi Public Library
Hit Counter
free hit counter